[Event "DSOL 05 Liga Gr-A 1st"]
[Site "Playchess.com INT"]
[Date "2020.07.17"]
[Round "4.1"]
[White "Netz, Robin"]
[Black "Schaper, Jan Erik"]
[Result "0-1"]
[WhiteElo "1748"]
[BlackElo "1805"]
[PlyCount "36"]
[EventDate "2020.06.22"]
[EventType "team-tourn (rapid)"]
[EventCountry "GER"]
[SourceTitle "EXT 2021"]
[Source "ChessBase"]
[SourceDate "2020.10.23"]
[SourceVersion "1"]
[SourceVersionDate "2020.10.23"]
[SourceQuality "1"]
[WhiteTeam "Schwaikheim"]
[BlackTeam "Kaltenkirchen"]
[WhiteTeamCountry "GER"]
[BlackTeamCountry "GER"]

1. e4 g6 2. d4 Bg7 3. Be3 d6 4. c3 Nf6 5. Bd3 c6 6. Ne2 Nbd7 7. f4 e5 8. 0-0 0-0 9. Ng3 Nb6 10. f5 Qc7 11. Nd2 Nbd7 12. Rc1 d5 13. Nf3 dxe4 14. Nxe4 Nxe4 15. Bxe4 Nf6 16. Bc2 Ng4 17. Bd2 exd4 18. Nh4 Qxh2# 0-1